| 000 | 01270cam a22003494a 4500 | ||
|---|---|---|---|
| 001 | 11960041 | ||
| 003 | OSt | ||
| 005 | 20211230110049.0 | ||
| 008 | 000331s2001 nyua b 001 0 eng | ||
| 010 | _a 00038171 | ||
| 020 | _a0471354570 (alk. paper) | ||
| 038 | _akhadija | ||
| 040 |
_aDLC _cDLC _dDLC |
||
| 042 | _apcc | ||
| 050 | 0 | 0 |
_aTJ1071 _b.H35 2001 |
| 082 | 0 | 0 |
_a621.822 HAR _221 |
| 100 | 1 |
_aHarris, Tedric A. _987150 |
|
| 245 | 0 | 0 |
_aRolling bearing analysis / _cTedric A. Harris. |
| 250 | _a4th ed. | ||
| 260 |
_aNew York : _bWiley, _cc2001. |
||
| 300 |
_axvii, 1086 p. : _bill. ; _c25 cm. |
||
| 500 | _a"A Wiley-Interscience publication." | ||
| 504 | _aIncludes bibliographical references and index. | ||
| 563 | _ahard cover | ||
| 650 | 0 |
_aRoller bearings. _987151 |
|
| 650 | 0 |
_aBall-bearings. _987152 |
|
| 856 | 4 | 2 |
_3Publisher description _uhttp://www.loc.gov/catdir/description/wiley035/00038171.html |
| 856 | 4 |
_3Table of Contents _uhttp://www.loc.gov/catdir/toc/onix06/00038171.html |
|
| 906 |
_a7 _bcbc _corignew _d1 _eocip _f20 _gy-gencatlg |
||
| 942 |
_2ddc _cBK |
||
| 999 |
_c31719 _d31719 |
||